Statistics for Driving from Seattle to Miami with an Empty Map

Click here to take the quiz!

General Stats

  • This quiz has been taken 635 times
  • The average score is 10 of 12

Answers on the Map

Answers color-coded by a green-red scale on the quiz's map according to % correct below.
 

Answer Stats

States% Correct
Washington
100%
Idaho
98%
Montana
96%
Wyoming
88%
South Dakota
85%
Iowa
79%
Missouri
77%
Kentucky
74%
Florida
73%
Georgia
73%
Tennessee
73%
Illinois
71%

Score Distribution

Percentile by Number Answered

Percent of People with Each Score

Your Score History

You have not taken this quiz